[Event "Rodovre-ch C"]
[Site "Rodovre"]
[Date "2007.10.02"]
[Round "5"]
[White "Roed, Jorgen"]
[Black "Jacobsen, Jesper Howalt"]
[Result "0-1"]
[WhiteElo "1300"]
[BlackElo "1084"]
[PlyCount "58"]
[EventDate "2007.09.04"]
[EventType "tourn"]
[EventRounds "7"]
[EventCountry "DEN"]
[SourceTitle "EXT 2023"]
[Source "ChessBase"]
[SourceDate "2022.10.05"]
[SourceVersion "1"]
[SourceVersionDate "2022.10.05"]
[SourceQuality "1"]

1. d4 d6 2. c4 Nd7 3. Nf3 c5 4. d5 Ne5 5. e4 Bd7 6. Nc3 g6 7. Be2 Bg7 8. 0-0 Nf6 9. h3 0-0 10. Nd2 g5 11. f4 gxf4 12. Rxf4 Ng6 13. Rf2 e5 14. Nf3 Nh5 15. Rb1 Nhf4 16. Qf1 Bh6 17. Nh2 Nxe2+ 18. Nxe2 Bxc1 19. Rxc1 Qh4 20. Rc3 Qxe4 21. Rcf3 f5 22. Ng3 Qd4 23. Kh1 f4 24. Nh5 Nh4 25. Rc3 Nf5 26. Nf3 Qe4 27. Re2 Ne3 28. Qf2 Qg6 29. Ng3 Nd1 0-1

[Event "Rodovre-ch C"]
[Site "Rodovre"]
[Date "2007.09.11"]
[Round "2"]
[White "Vestergaard, John"]
[Black "Roed, Jorgen"]
[Result "1-0"]
[WhiteElo "1340"]
[BlackElo "1300"]
[PlyCount "45"]
[EventDate "2007.09.04"]
[EventType "tourn"]
[EventRounds "7"]
[EventCountry "DEN"]
[SourceTitle "EXT 2023"]
[Source "ChessBase"]
[SourceDate "2022.10.05"]
[SourceVersion "1"]
[SourceVersionDate "2022.10.05"]
[SourceQuality "1"]

1. d4 Nf6 2. c4 e6 3. Nf3 c5 4. d5 b5 5. dxe6 fxe6 6. cxb5 d5 7. e3 Bd6 8. Be2 0-0 9. 0-0 Qb6 10. Nc3 Bb7 11. a4 Nbd7 12. b3 e5 13. a5 Qd8 14. a6 Bc8 15. Nxd5 Nxd5 16. Qxd5+ Kh8 17. Qxa8 Nf6 18. Qxa7 Ng4 19. e4 Bd7 20. b6 Bb8 21. Qb7 Qe8 22. a7 Qh5 23. axb8Q 1-0

[Event "Rodovre-ch C"]
[Site "Rodovre"]
[Date "2006.09.28"]
[Round "2"]
[White "Roed, Jorgen"]
[Black "Nielsen, Niels Peter Krogh"]
[Result "0-1"]
[WhiteElo "1366"]
[BlackElo "1461"]
[PlyCount "54"]
[EventDate "2006.09.05"]
[EventType "tourn"]
[EventRounds "7"]
[EventCountry "DEN"]
[SourceTitle "EXT 2023"]
[Source "ChessBase"]
[SourceDate "2022.10.05"]
[SourceVersion "1"]
[SourceVersionDate "2022.10.05"]
[SourceQuality "1"]

1. d4 Nf6 2. c4 d6 3. Nf3 g6 4. Nc3 Bg7 5. e4 Nbd7 6. Be2 0-0 7. 0-0 e5 8. Be3 c6 9. Qb3 Qe8 10. h3 exd4 11. Bxd4 Nxe4 12. Bxg7 Kxg7 13. Rfe1 Ndc5 14. Qc2 Nxc3 15. Qxc3+ Kg8 16. Rad1 Qe7 17. Bf1 Be6 18. Nd4 Rad8 19. Be2 Qc7 20. b4 Na4 21. Qc2 Nb6 22. h4 c5 23. Nxe6 fxe6 24. h5 Qf7 25. Bg4 e5 26. hxg6 Qxg6 27. Bf3 Qxc2 0-1